| 000 | 01010 a2200241 4500 | ||
|---|---|---|---|
| 001 | 92 | ||
| 005 | 20260407155409.0 | ||
| 008 | 260407a1990 arg spa d | ||
| 003 | AR-UNSa-BCEJYS | ||
| 040 |
_aAR-UNSa-BCEJYS _bspa _cAR-UNSa-BCEJYS |
||
| 080 |
_a658.16 _xReorganización financiera (Proyectos de inversión) |
||
| 245 | 1 | 0 |
_aEvaluación de proyectos _panálisis y administración del riesgo |
| 020 | _a968-422-775-5 | ||
| 250 | _a2a. ed. | ||
| 264 | 1 |
_aMéxico : _bMcGraw-Hill _c1990 |
|
| 300 |
_axiv, 284 p. _c23 cm. |
||
| 505 | _a1. Elementos conceptuales y preparación de la evaluación - 2. Estudio de Mercado - 3. Estudio Técnico - 4. Estudio Económico - 5. Evaluación Económica - 6. Análisis y Administración del Riesgo | ||
| 942 | _cBK | ||
| 590 | _aniveau_biblio:m niveau_hierar:0 | ||
| 100 | 1 | _aBaca Urbina, Gabriel | |
| 700 | 1 | _aVergara Nava, Leonardo | |
| 856 | 4 | 1 |
_uhttps://biblioeco.unsa.edu.ar/pmb/images/libros/Evaluaci?n de Proyectos(2a edi).jpg _yImagen de portada _qimage/jpeg |
| 999 |
_c69 _d69 |
||